Gambaran ruh al-iman

Bibliographic Details
Main Author: Ahmad Rafaai Ayudin
Format: Book
Published: Selangor : Al-Ramadhan , 1996
Subjects:

MARC

LEADER 00000cam a2200000 7i4500
001 0000031361
005 20120210.0
008 120210
020 |a 9830401189 
090 0 0 |a 297.648   |b AHM 
100 1 |a Ahmad Rafaai Ayudin 
245 1 0 |a Gambaran ruh al-iman   |c Ahmad Rafaai Ayudin 
260 |a Selangor :   |b Al-Ramadhan ,   |c 1996 
650 0 |a Caliphs 
999 |a 0000059474   |b Book   |c Adult Collection   |e Cawangan Pontian 
999 |a 0000459471   |b Book   |c Adult Collection   |e Cawangan Bandar Penawar 
999 |a 0000459474   |b Book   |c Adult Collection   |e Cawangan Pontian 
999 |a 0000459482   |b Book   |c Adult Collection   |e Cawangan Muar 
999 |a 0000459486   |b Book   |c Adult Collection   |e Cawangan Muar 
999 |a 0000775797   |b Book   |c Adult Collection   |e Cawangan Pontian 
999 |a 0000789306   |b Book   |c Adult Collection   |e Cawangan Segamat 
999 |a 0000789307   |b Book   |c Adult Collection   |e Cawangan Segamat 
999 |a 0000789308   |b Book   |c Adult Collection   |e Cawangan Segamat 
999 |a 0001028270   |b Book   |c Adult Collection   |e Perbadanan Perpustakaan Awam Johor 
999 |a 0001028288   |b Book   |c Adult Collection   |e Perbadanan Perpustakaan Awam Johor